[Event "FIDE Grand Swiss Women"]
[Site "Riga LAT"]
[Date "2021.11.04"]
[Round "8.13"]
[White "Osmak, Iulija"]
[Black "Socko, Monika"]
[Result "1-0"]
[WhiteTitle "IM"]
[BlackTitle "GM"]
[WhiteElo "2423"]
[BlackElo "2397"]
[WhiteFideId "14101602"]
[BlackFideId "1106619"]
[EventDate "2021.10.27"]

1. c4 e5 2. Nc3 d6 3. Nf3 f5 4. d4 e4 5. Ng5 Be7 6. Nh3 Nf6 7. Nf4 c6 8. e3 Na6
9. d5 O-O 10. Be2 Nc7 11. b3 cxd5 12. Nfxd5 Ncxd5 13. Nxd5 Be6 14. Nxe7+ Qxe7
15. Ba3 Rfd8 16. O-O Qf7 17. Qd4 d5 18. c5 Nd7 19. f3 Nb8 20. Bb2 Nc6 21. Qd2
Rac8 22. b4 Qc7 23. b5 exf3 24. Rxf3 Ne5 25. Rg3 d4 26. Bxd4 Ng6 27. Qc3 f4 28.
exf4 Qxf4 29. Bxg7 Qd2 30. Bd3 Qxc3 31. Bxc3 Rxc5 32. Bxg6 hxg6 33. Rxg6+ Kh7
34. Rxe6 Rxc3 35. Re7+ Kg6 36. Rxb7 Rc2 37. Rxa7 Rdd2 38. Kh1 Rb2 39. a4 Ra2 40.
Rg1 Rdb2 41. Ra6+ Kg5 42. h3 Kh4 43. Ra8 Rb4 44. Kh2 Rb3 45. Rh8+ Kg5 46. Rg8+
Kh5 47. Rg4 Kh6 48. Rc1 Kh7 49. Rc7+ Kh6 50. Rc6+ Kh5 51. Rc8 1-0

[Event "FIDE Grand Swiss Women"]
[Site "Riga LAT"]
[Date "2021.11.04"]
[Round "8.14"]
[White "Buksa, Nataliya"]
[Black "Atalik, Ekaterina"]
[Result "1-0"]
[WhiteTitle "IM"]
[BlackTitle "IM"]
[WhiteElo "2409"]
[BlackElo "2420"]
[WhiteFideId "14123622"]
[BlackFideId "4130189"]
[EventDate "2021.10.27"]

1. e4 e5 2. Nf3 Nc6 3. Bb5 a6 4. Ba4 Nf6 5. O-O b5 6. Bb3 Bc5 7. c3 d6 8. d4 Bb6
9. a4 Bb7 10. Re1 O-O 11. Bg5 h6 12. Bh4 g5 13. Nxg5 hxg5 14. Bxg5 exd4 15. Bd5
Kg7 16. cxd4 Qd7 17. Ra3 Nxd5 18. Rg3 Rg8 19. Qh5 1-0

[Event "FIDE Grand Swiss Women"]
[Site "Riga LAT"]
[Date "2021.11.04"]
[Round "8.15"]
[White "Vaishali, R"]
[Black "Bivol, Alina"]
[Result "1-0"]
[WhiteTitle "WGM"]
[BlackTitle "IM"]
[WhiteElo "2419"]
[BlackElo "2392"]
[WhiteFideId "5091756"]
[BlackFideId "4100123"]
[EventDate "2021.10.27"]

1. e4 e5 2. Nf3 Nf6 3. Nxe5 d6 4. Nf3 Nxe4 5. Bd3 d5 6. O-O Be7 7. Re1 Bf5 8.
Nc3 Nxc3 9. dxc3 Bxd3 10. Qxd3 O-O 11. Bf4 c6 12. Nd4 Bg5 13. Bxg5 Qxg5 14. Re3
Nd7 15. Rae1 g6 16. Re7 Nc5 17. Qf3 Rab8 18. R7e5 Qd2 19. R5e3 Ne6 20. Nxe6 fxe6
21. Qe2 Qxe2 22. R3xe2 Rbd8 23. Rxe6 d4 24. cxd4 Rxd4 25. f3 Rf7 26. R1e2 Rfd7
27. Re8+ Kf7 28. Rh8 Kg7 29. Rb8 Rd1+ 30. Kf2 Ra1 31. a3 Rad1 32. Kg3 Rc1 33. h4
Rb1 34. c3 Kf7 35. Kg4 Rbd1 36. h5 Rh1 37. hxg6+ hxg6 38. f4 Rhd1 39. g3 Rg1 40.
Re3 Rb1 41. Re2 Rg1 42. Rh2 Kg7 43. Rbh8 Rd3 44. R8h7+ Kf6 45. R2h3 b6 46. Rxa7
Rg2 47. Rc7 Rd6 48. Rhh7 Ke6 49. c4 1-0

[Event "FIDE Grand Swiss Women"]
[Site "Riga LAT"]
[Date "2021.11.04"]
[Round "8.17"]
[White "Divya, Deshmukh"]
[Black "Gunina, Valentina"]
[Result "0-1"]
[WhiteTitle "WIM"]
[BlackTitle "GM"]
[WhiteElo "2305"]
[BlackElo "2462"]
[WhiteFideId "35006916"]
[BlackFideId "4167570"]
[EventDate "2021.10.27"]

1. e4 c6 2. d4 d5 3. f3 dxe4 4. fxe4 e5 5. Nf3 Bg4 6. c3 Nd7 7. Bd3 Ngf6 8. O-O
Bd6 9. Bg5 h6 10. Be3 Qc7 11. h3 Bh5 12. Qb3 O-O-O 13. Nbd2 g5 14. Nc4 g4 15.
Nfxe5 Nxe5 16. dxe5 Bxe5 17. Nxe5 Qxe5 18. Rf5 Qg3 19. Bf4 Qxd3 20. Rxf6 Qxe4
21. hxg4 Rdg8 22. Bg3 Rxg4 23. Re1 Qd5 24. Qxd5 cxd5 25. Bf4 Rhg8 26. g3 Rxf4
27. Rxf4 Rxg3+ 28. Kf2 Rd3 29. Rd4 Rf3+ 30. Kg1 Rf5 31. c4 Bf3 32. Rf1 dxc4 33.
Rxc4+ Kd7 34. Kh2 Rh5+ 35. Kg3 Bd5 36. Rh4 Rg5+ 37. Kf4 Be6 38. Rd1+ Ke7 39. Rd2
Rf5+ 40. Ke4 h5 41. Rdh2 Ra5 42. Rxh5 Rxa2 43. Rd2 b6 44. Rh8 Ra4+ 45. Rd4 Ra5
46. b4 Ra3 47. Ra8 b5 48. Rb8 a6 49. Rb6 Kf6 50. Rdd6 Rh3 51. Rd4 Ra3 52. Rdd6
Ra4 53. Rxa6 Rxb4+ 54. Rd4 Rb1 55. Rb6 Kg5 56. Ke5 Re1+ 57. Re4 f6+ 58. Kd4 Rd1+
59. Kc5 Bc4 60. Rd4 Re1 61. Rd2 Rf1 62. Rg2+ Kf5 63. Rd6 Ke5 64. Rd8 f5 65. Rf8
Ke4 66. Rg6 f4 67. Rgf6 f3 68. Re8+ Kd3 69. Ref8 Ke3 70. Re8+ Kd2 71. Ref8 Be2
72. Rxf3 Bxf3 73. Rd8+ Ke3 74. Kxb5 Rc1 75. Kb4 Bc6 76. Kb3 Ke4 77. Kb4 Bd5 78.
Rh8 Kd4 79. Rh4+ Be4 80. Rh3 Rc8 81. Rh5 Rc7 82. Rg5 Rh7 83. Rb5 Bc6 84. Rb6 Bd5
85. Rb5 Rh6 86. Ka5 Bc4 87. Rb8 Kc3 88. Ra8 Rc6 89. Ka4 Rb6 90. Ka5 Rb1 91. Ra7
Rb5+ 92. Ka6 Rb2+ 93. Ka5 Rb1 94. Rc7 Rb2 95. Ra7 Kd4 96. Rd7+ Kc5 97. Rc7+ Kd5
98. Rd7+ Kc6 99. Rd8 Be6 100. Rh8 Kc5 101. Rh5+ Bd5 102. Rh4 Rb1 103. Rf4 Rh1
104. Rg4 Rh2 105. Rf4 Be6 106. Ka6 Rh7 0-1

[Event "FIDE Grand Swiss Women"]
[Site "Riga LAT"]
[Date "2021.11.04"]
[Round "8.19"]
[White "Garifullina, Leya"]
[Black "Kamalidenova, Meruert"]
[Result "1-0"]
[WhiteTitle "WGM"]
[BlackTitle "WIM"]
[WhiteElo "2409"]
[BlackElo "2339"]
[WhiteFideId "34127035"]
[BlackFideId "13712802"]
[EventDate "2021.10.27"]

1. e4 c5 2. Nf3 d6 3. d4 cxd4 4. Nxd4 Nf6 5. Nc3 Nc6 6. Bg5 e6 7. Qd2 a6 8.
O-O-O Bd7 9. f4 b5 10. a3 Qa5 11. Nb3 Qc7 12. Be2 Be7 13. Bxf6 gxf6 14. Bh5 Rf8
15. Rhe1 O-O-O 16. Re3 Kb8 17. Rg3 Na5 18. Nxa5 Qxa5 19. Qd4 Bc6 20. Bf3 Rg8 21.
Rh3 Rg7 22. Rh5 Qc7 23. Kb1 Bb7 24. f5 Rc8 25. Qd3 Qc4 26. Ne2 Qxd3 27. Rxd3 Rc4
28. Ng3 Bf8 29. Rh3 Bc8 30. Rd2 d5 31. exd5 exf5 32. d6 Bd7 33. b3 Rc8 34. Nh5
Rg6 35. Rh4 Re8 36. Rd1 Rh6 37. Rhd4 f4 38. a4 f5 39. axb5 axb5 40. Nxf4 Rxh2
41. Nd5 Rh6 42. Nb6 Rd8 43. c4 f4 44. Nxd7+ Rxd7 45. c5 Rf6 46. Rb4 1-0

[Event "FIDE Grand Swiss Women"]
[Site "Riga LAT"]
[Date "2021.11.04"]
[Round "8.22"]
[White "Hoang, Thanh Trang"]
[Black "Sargsyan, Anna M."]
[Result "0-1"]
[WhiteTitle "GM"]
[BlackTitle "WGM"]
[WhiteElo "2380"]
[BlackElo "2402"]
[WhiteFideId "12400149"]
[BlackFideId "13308130"]
[EventDate "2021.10.27"]

1. d4 Nf6 2. Nf3 c5 3. d5 b5 4. Bg5 Ne4 5. Bf4 Bb7 6. Qd3 Qa5+ 7. Nfd2 f5 8. f3
c4 9. Qd4 Nf6 10. e4 fxe4 11. fxe4 e6 12. Nc3 Bb4 13. a4 O-O 14. Nxb5 exd5 15.
c3 Nc6 16. Qe3 Rae8 17. cxb4 Nxb4 18. Kd1 Nxe4 19. Bc7 Qa6 20. Nxe4 Rxe4 21. Qd2
Nd3 22. Bxd3 cxd3 23. Nc3 Re6 24. Bg3 Qc4 25. Ra3 d4 26. Kc1 Re2 27. Qd1 Rc2+
28. Kb1 Qb4 29. Ra2 dxc3 0-1

[Event "FIDE Grand Swiss Women"]
[Site "Riga LAT"]
[Date "2021.11.04"]
[Round "8.23"]
[White "Eizaguerri Floris, Maria"]
[Black "Padmini, Rout"]
[Result "0-1"]
[WhiteTitle "FM"]
[BlackTitle "IM"]
[WhiteElo "2328"]
[BlackElo "2380"]
[WhiteFideId "32065752"]
[BlackFideId "5029295"]
[EventDate "2021.10.27"]

1. e4 c5 2. Nf3 Nc6 3. d4 cxd4 4. Nxd4 g6 5. c4 Bg7 6. Be3 Nf6 7. Nc3 d6 8. Be2
O-O 9. O-O Bd7 10. h3 Nxd4 11. Bxd4 Bc6 12. Qc2 Rc8 13. Rad1 Nd7 14. Bxg7 Kxg7
15. b4 b6 16. Bg4 Rc7 17. f4 Qa8 18. Qd3 Kg8 19. Bxd7 Rxd7 20. f5 Kg7 21. Rf3
Rc7 22. f6+ Kg8 23. Rf4 Re8 24. fxe7 Rcxe7 25. Rdf1 f5 26. Nd5 Bxd5 27. exd5 Re3
28. Qd4 Qd8 29. R4f3 R3e4 30. Qc3 Qh4 31. Rc1 Rc8 32. Qa3 Rcxc4 33. Rxc4 Rxc4
34. Qxa7 Qd4+ 35. Kf1 Rc1+ 36. Ke2 Rc2+ 0-1

[Event "FIDE Grand Swiss Women"]
[Site "Riga LAT"]
[Date "2021.11.04"]
[Round "8.24"]
[White "Golsta, Madara"]
[Black "Milliet, Sophie"]
[Result "0-1"]
[BlackTitle "IM"]
[WhiteElo "2003"]
[BlackElo "2410"]
[WhiteFideId "11607386"]
[BlackFideId "623725"]
[EventDate "2021.10.27"]

1. d4 Nf6 2. c4 e6 3. Nc3 Bb4 4. e3 O-O 5. Bd3 d5 6. a3 Bxc3+ 7. bxc3 dxc4 8.
Bxc4 c5 9. Ne2 Qc7 10. Ba2 b6 11. O-O Ba6 12. Bb2 Nc6 13. Rc1 Rfd8 14. c4 cxd4
15. exd4 b5 16. d5 bxc4 17. Bxf6 Rxd5 18. Qc2 gxf6 19. Bxc4 Rc5 20. Qa2 Bxc4 21.
Rxc4 Ne5 22. Rxc5 Qxc5 23. Rc1 Rd8 24. h4 Ng4 25. Rf1 Nxf2 26. Qb3 Nd3+ 27. Kh1
Qh5 28. Nf4 Qxh4+ 29. Nh3 Ne5 30. Rf4 Qe1+ 31. Kh2 Rd3 32. Qb8+ Kg7 33. Nf2 Rd5
34. Qxa7 Ng6 35. Rf3 Qe5+ 36. Kg1 Qe1+ 37. Kh2 Qe5+ 38. Kg1 Rc5 39. Qd7 Rc1+ 40.
Nd1 Qc5+ 41. Kh2 Qe5+ 42. Kg1 Nh4 43. Rf2 Qe1+ 44. Rf1 Qe2 0-1

[Event "FIDE Grand Swiss Women"]
[Site "Riga LAT"]
[Date "2021.11.05"]
[Round "9.4"]
[White "Dzagnidze, Nana"]
[Black "Assaubayeva, Bibisara"]
[Result "1/2-1/2"]
[WhiteTitle "GM"]
[BlackTitle "IM"]
[WhiteElo "2524"]
[BlackElo "2400"]
[WhiteFideId "13601903"]
[BlackFideId "13708694"]
[EventDate "2021.10.27"]

1. d4 Nf6 2. c4 g6 3. g3 Bg7 4. Nf3 O-O 5. Bg2 d5 6. cxd5 Nxd5 7. O-O Nb6 8. Nc3
Nc6 9. e3 Re8 10. a3 e5 11. d5 Na5 12. Qc2 c6 13. b4 Nac4 14. dxc6 bxc6 15. Ne4
a5 16. Nfd2 Be6 17. Nc5 Bf5 18. e4 Nxd2 19. Bxd2 Bc8 20. bxa5 Nc4 21. Bb4 Nxa5
22. Rab1 Nb7 23. Rfd1 Qc7 24. Nxb7 Bxb7 25. Bd6 Qc8 26. Qc5 Ra4 27. Qb6 Ba8 28.
Qb3 Rd4 29. Bc5 Rxd1+ 30. Rxd1 Bf8 31. Qc3 Qa6 32. Bf1 Qa4 33. Rd7 Bxc5 34. Qxc5
Qxe4 35. Bc4 Qb1+ 36. Kg2 Qe4+ 37. Kg1 Qb1+ 38. Kg2 Qe4+ 1/2-1/2

[Event "FIDE Grand Swiss Women"]
[Site "Riga LAT"]
[Date "2021.11.05"]
[Round "9.6"]
[White "Batsiashvili, Nino"]
[Black "Cori T., Deysi"]
[Result "1/2-1/2"]
[WhiteTitle "GM"]
[BlackTitle "WGM"]
[WhiteElo "2484"]
[BlackElo "2382"]
[WhiteFideId "13602993"]
[BlackFideId "3801934"]
[EventDate "2021.10.27"]

1. d4 Nf6 2. c4 g6 3. Nc3 Bg7 4. e4 d6 5. h3 Nbd7 6. Bd3 e5 7. d5 O-O 8. Nge2 a5
9. g4 Nc5 10. Bc2 h5 11. Bg5 hxg4 12. hxg4 Bxg4 13. Qd2 Qd7 14. O-O-O Bf3 15.
Rh4 Ng4 16. Rg1 f6 17. Be3 Kf7 18. Bxc5 dxc5 19. Qd3 Bxe2 20. Nxe2 Nh6 21. f4
Qe7 22. Qg3 g5 23. Rh5 exf4 24. Nxf4 Qe5 25. Ne6 Qxg3 26. Rxg3 Rh8 27. Nxc7 Kg6
28. Rh1 Nf7 29. Rf1 Ne5 30. Nxa8 Rxa8 31. Rb3 g4 32. Rxb7 Bh6+ 33. Kd1 Be3 34.
Ke2 Bd4 35. Rh1 Kg5 36. Rg7+ Kf4 37. b3 Nf3 38. d6 Rd8 39. d7 g3 40. e5 Ng5 41.
exf6 Kg4 42. Rh6 g2 43. Rhg6 g1=N+ 44. Kf1 Nf3 45. Bd1 Kf5 46. Bxf3 Nxf3 47. Rh6
Ng5 48. Re7 Bxf6 49. Re8 Rxd7 50. Rf8 Ne4 51. Ke2 Rg7 52. Rh5+ Kg6 53. Rh3 Rd7
54. Ke3 Rd4 55. Rg8+ Kf5 56. Rf3+ Ke6 57. Re8+ Be7 58. Ke2 Rd2+ 59. Ke3 Rd4 60.
Ke2 Kd7 61. Ra8 Rd2+ 62. Ke3 Rd4 63. Ke2 Rd2+ 64. Ke3 Rd4 65. Rxa5 Bg5+ 66. Ke2
Rd2+ 67. Kf1 Rb2 68. Kg1 Ke6 69. Ra8 Ke5 70. a4 Kd4 71. a5 Be3+ 72. Kh1 Rb1+ 73.
Kh2 Rb2+ 74. Kh1 Rb1+ 75. Kh2 Rb2+ 76. Kh1 Nf2+ 77. Kg2 Ne4+ 78. Kh1 Nf2+ 79.
Kg2 Ne4+ 80. Kh1 Rb1+ 81. Kh2 1/2-1/2

[Event "FIDE Grand Swiss Women"]
[Site "Riga LAT"]
[Date "2021.11.05"]
[Round "9.9"]
[White "Vantika, Agrawal"]
[Black "Stefanova, Antoaneta"]
[Result "1/2-1/2"]
[WhiteTitle "WIM"]
[BlackTitle "GM"]
[WhiteElo "2322"]
[BlackElo "2475"]
[WhiteFideId "25050389"]
[BlackFideId "2902257"]
[EventDate "2021.10.27"]

1. d4 Nf6 2. c4 e6 3. Nf3 d5 4. g3 Bb4+ 5. Bd2 a5 6. Bg2 dxc4 7. a3 Bxd2+ 8.
Nbxd2 b5 9. b3 cxb3 10. Qxb3 Ba6 11. O-O O-O 12. Rfc1 Ra7 13. Qb2 Qd6 14. Nb3
Bb7 15. Nc5 Bc6 16. e3 Nbd7 17. Nd3 Bd5 18. Nf4 c6 19. Ne5 Bxg2 20. Kxg2 Rc8 21.
Rc2 Rac7 22. Rac1 g6 23. h4 Nb6 24. Qc3 b4 25. Qc5 Qxc5 26. Rxc5 Nfd7 27. Nxd7
Nxd7 28. Rxa5 bxa3 29. Rxa3 e5 30. Nd3 exd4 31. exd4 Nf8 32. Ra4 Ne6 33. Ne5 f6
34. Rxc6 Rxc6 35. Nxc6 Rxc6 36. d5 Rd6 1/2-1/2

[Event "FIDE Grand Swiss Women"]
[Site "Riga LAT"]
[Date "2021.11.05"]
[Round "9.12"]
[White "Zawadzka, Jolanta"]
[Black "Girya, Olga"]
[Result "1/2-1/2"]
[WhiteTitle "WGM"]
[BlackTitle "GM"]
[WhiteElo "2428"]
[BlackElo "2410"]
[WhiteFideId "1122320"]
[BlackFideId "4195752"]
[EventDate "2021.10.27"]

1. e4 e5 2. Nf3 Nc6 3. Bc4 Bc5 4. c3 Nf6 5. d4 exd4 6. e5 d5 7. Be2 Ne4 8. cxd4
Bb4+ 9. Bd2 Nxd2 10. Nbxd2 O-O 11. O-O Ba5 12. Rc1 Bb6 13. Nb3 Qe7 14. h3 Nd8
15. Bd3 Ne6 16. Bb1 Bd7 17. Nh2 Qh4 18. Ng4 Ba4 19. Kh2 Bxb3 20. axb3 Nxd4 21.
g3 Qe7 22. Bxh7+ Kxh7 23. Nf6+ gxf6 24. Qh5+ Kg7 25. Qg4+ Kh7 26. Qh5+ Kg7 27.
Qg4+ Kh7 28. Qh5+ Kg7 1/2-1/2

[Event "FIDE Grand Swiss Women"]
[Site "Riga LAT"]
[Date "2021.11.05"]
[Round "9.13"]
[White "Shuvalova, Polina"]
[Black "Maltsevskaya, Aleksandra"]
[Result "1-0"]
[WhiteTitle "IM"]
[BlackTitle "WGM"]
[WhiteElo "2509"]
[BlackElo "2411"]
[WhiteFideId "24171760"]
[BlackFideId "24174041"]
[EventDate "2021.10.27"]

1. e4 c6 2. d4 d5 3. e5 Bf5 4. h4 h5 5. Bd3 Bxd3 6. Qxd3 Qa5+ 7. Nd2 e6 8. Nf3
Qa6 9. c4 Bb4 10. b3 Nh6 11. O-O Nf5 12. Rd1 c5 13. dxc5 Bxc5 14. Ne4 Be7 15.
cxd5 Qxd3 16. Rxd3 exd5 17. Rxd5 Nxh4 18. Nxh4 Bxh4 19. Nd6+ Ke7 20. Rd4 g5 21.
g3 Nc6 22. Re4 Rag8 23. Bb2 Ke6 24. Nxb7 Rh6 25. Rd1 Kf5 26. Nd6+ Rxd6 27. Rxd6
Kxe4 28. Rxc6 Bxg3 29. fxg3 Rd8 30. Rd6 Rc8 31. Rf6 Rc7 32. Rf2 a5 33. Kg2 Kd3
34. Ba3 h4 35. Bd6 1-0

[Event "FIDE Grand Swiss Women"]
[Site "Riga LAT"]
[Date "2021.11.05"]
[Round "9.14"]
[White "Gunina, Valentina"]
[Black "Garifullina, Leya"]
[Result "0-1"]
[WhiteTitle "GM"]
[BlackTitle "WGM"]
[WhiteElo "2462"]
[BlackElo "2409"]
[WhiteFideId "4167570"]
[BlackFideId "34127035"]
[EventDate "2021.10.27"]

1. e4 e5 2. Nf3 Nc6 3. Bb5 a6 4. Ba4 Nf6 5. O-O Nxe4 6. d4 b5 7. Bb3 d5 8. dxe5
Be6 9. c3 Be7 10. h3 O-O 11. Nbd2 Qd7 12. Re1 Nxd2 13. Qxd2 Rad8 14. Bc2 Bf5 15.
Bxf5 Qxf5 16. Nd4 Nxd4 17. cxd4 c5 18. dxc5 Bxc5 19. b4 Bb6 20. Bb2 d4 21. Rac1
Rc8 22. a3 h6 23. f4 d3+ 24. Kh2 h5 25. Rf1 Rc2 26. Rxc2 dxc2 27. Qc3 Rc8 28.
Qf3 Rd8 29. Re1 Rd3 30. Qf1 Rd2 31. Qf3 Rf2 32. Qa8+ Kh7 33. Bc1 Rxf4 34. Qc6
Bf2 35. Re2 h4 36. g4 hxg3+ 37. Kg2 Rc4 38. Qb7 Rh4 0-1

[Event "FIDE Grand Swiss Women"]
[Site "Riga LAT"]
[Date "2021.11.05"]
[Round "9.16"]
[White "Atalik, Ekaterina"]
[Black "Bivol, Alina"]
[Result "1-0"]
[WhiteTitle "IM"]
[BlackTitle "IM"]
[WhiteElo "2420"]
[BlackElo "2392"]
[WhiteFideId "4130189"]
[BlackFideId "4100123"]
[EventDate "2021.10.27"]

1. d4 d5 2. Nf3 Nf6 3. Bf4 e6 4. c3 c5 5. Nbd2 Nc6 6. e3 Nh5 7. Bg3 Nxg3 8. hxg3
g6 9. Bd3 cxd4 10. exd4 Bg7 11. Qe2 Bd7 12. Nf1 Qe7 13. Ne3 O-O-O 14. O-O-O Kb8
15. Kb1 Bc8 16. Bb5 Qc7 17. Rh4 h5 18. Rdh1 Bf6 19. R4h2 Bg7 20. g4 hxg4 21.
Nxg4 Ne7 22. Bd3 f6 23. Rxh8 Rxh8 24. Rxh8 Bxh8 25. Ne3 e5 26. Bc2 e4 27. Ne1
Be6 28. g3 f5 29. Bb3 Bf7 30. N1c2 g5 31. Qb5 a6 32. Qb4 f4 33. gxf4 gxf4 34.
Nxd5 Bxd5 35. Bxd5 Nxd5 36. Qf8+ Qc8 37. Qd6+ Nc7 38. Qxf4 Ka7 39. Qxe4 Qg8 40.
Qh1 Bf6 41. b3 Qg6 42. Kb2 Qd3 43. Qh5 Ne6 44. Qd5 Qe2 45. f4 Bd8 46. Qe5 Qg4
47. Ne3 Qe2+ 48. Nc2 Qg4 49. Ne3 Qg8 50. Nd5 Qf7 51. f5 Nc7 52. Nxc7 Bxc7 53.
Qe4 Qh7 54. a4 Qh2+ 55. Qc2 Qf4 56. b4 Bd6 57. Qd3 Bf8 58. Kb3 Kb8 59. a5 Bd6
60. Qh3 Ka7 61. Qd3 Be7 62. Qe2 Bh4 63. Qe5 Qh6 64. Qc5+ Kb8 65. Qe5+ Ka8 66.
Qc7 Qf8 67. Qe5 Qg8+ 68. d5 Qd8 69. Qe6 Be7 70. c4 Qc7 71. Qg8+ Ka7 72. Qg7 Qd6
73. Qd4+ Ka8 74. c5 Qg3+ 75. Qc3 Qg2 76. d6 Bg5 77. Qd3 Bf6 78. Qc2 Qd5+ 79. Ka4
Ka7 80. Ka3 Kb8 81. Ka4 Qc6+ 82. Ka3 Qf3+ 83. Ka4 Qf1 84. Kb3 Kc8 85. Qe4 Qd1+
86. Kc4 Kb8 87. Qe8+ Ka7 88. Qe4 Qd2 89. Qd3 Qa2+ 90. Qb3 Qg2 91. Qd3 Qg8+ 92.
Qd5 Qg4+ 93. Kb3 Qh3+ 94. Ka4 Qh2 95. Qb3 Qf2 96. c6 Qe2 97. c7 Qb5+ 98. Ka3 Qc6
99. Qe3+ Ka8 100. Qd3 b5 101. axb6 Qc1+ 102. Kb3 Qb2+ 103. Kc4 Qc1+ 104. Kd5 Kb7
105. Ke6 Bb2 106. Qd5+ Kxb6 107. Qc5+ 1-0

[Event "FIDE Grand Swiss Women"]
[Site "Riga LAT"]
[Date "2021.11.05"]
[Round "9.19"]
[White "Socko, Monika"]
[Black "Danielian, Elina"]
[Result "1/2-1/2"]
[WhiteTitle "GM"]
[BlackTitle "GM"]
[WhiteElo "2397"]
[BlackElo "2450"]
[WhiteFideId "1106619"]
[BlackFideId "13300210"]
[EventDate "2021.10.27"]

1. d4 Nf6 2. c4 e6 3. g3 c5 4. d5 exd5 5. cxd5 d6 6. Nc3 g6 7. Bg2 Bg7 8. Nf3
O-O 9. O-O a6 10. a4 Re8 11. Re1 h6 12. Bf4 g5 13. Bd2 Bf5 14. h4 g4 15. Nh2 h5
16. e4 Bg6 17. Bf4 Nfd7 18. Nf1 Ne5 19. Ne3 Nbd7 20. Nf5 Bxf5 21. exf5 Qb6 22.
Qc2 c4 23. a5 Qb3 24. Qxb3 cxb3 25. Ne4 Nd3 26. Re3 Nxf4 27. gxf4 Bxb2 28. Rb1
Bd4 29. Rd3 Rxe4 30. Bxe4 Bf6 31. Rdxb3 Nc5 32. Re3 Bxh4 33. Bc2 Bf6 34. Kg2 Kg7
35. f3 Bd4 36. Re2 gxf3+ 37. Kxf3 Bc3 38. Rg1+ Kf6 39. Rh1 Rh8 40. Reh2 Bxa5 41.
Rxh5 Rxh5 42. Rxh5 Bc3 43. Rh8 Ke7 44. f6+ Kxf6 45. Rd8 Ke7 46. Rc8 a5 47. Rc7+
Kf6 48. Ke3 Bb2 49. Bd1 Bc1+ 50. Kd4 Bxf4 51. Bh5 a4 52. Rxf7+ Kg5 53. Bd1 a3
54. Rg7+ Kf6 55. Rg2 Be5+ 56. Kc4 Bb2 57. Bb3 b5+ 58. Kb4 Nxb3 59. Kxb3 Ke5 60.
Rg5+ Kd4 61. Rh5 Kc5 62. Rg5 b4 63. Rh5 Be5 64. Rh4 Kxd5 65. Rxb4 Bd4 66. Ra4
Bc5 67. Kc3 Kc6 68. Ra8 d5 69. Ra6+ Kb5 70. Ra8 d4+ 71. Kd3 Kb4 72. Rb8+ Ka5 73.
Kc4 Be7 74. Rb5+ Ka6 75. Re5 Bd8 76. Re2 d3 77. Kxd3 Kb5 78. Kc3 Bf6+ 79. Kb3
Bb2 80. Rc2 Kb6 81. Rc8 Kb5 82. Ra8 Kc5 83. Ra5+ Kd4 84. Ra4+ 1/2-1/2

[Event "FIDE Grand Swiss Women"]
[Site "Riga LAT"]
[Date "2021.11.05"]
[Round "9.21"]
[White "Milliet, Sophie"]
[Black "Arakhamia-Grant, Ketevan"]
[Result "1-0"]
[WhiteTitle "IM"]
[BlackTitle "GM"]
[WhiteElo "2410"]
[BlackElo "2376"]
[WhiteFideId "623725"]
[BlackFideId "13600168"]
[EventDate "2021.10.27"]

1. d4 Nf6 2. c4 e6 3. Nf3 d5 4. g3 Be7 5. Bg2 O-O 6. O-O Nbd7 7. Qc2 Ne4 8. Nc3
Nxc3 9. bxc3 Nb6 10. c5 Nc4 11. Nd2 Nxd2 12. Bxd2 b6 13. c4 Ba6 14. cxd5 exd5
15. Bf4 Bc4 16. Rfd1 g5 17. Bc1 f5 18. e4 f4 19. Re1 f3 20. Bh3 Kh8 21. Bb2 c6
22. Re3 Rf7 23. Rae1 b5 24. Be6 Rf6 25. exd5 cxd5 26. Bxd5 Bxd5 27. Rxe7 Qg8 28.
Rd7 Rd8 29. Ree7 Rxd7 30. Rxd7 Re6 31. h3 Re1+ 32. Kh2 Re2 33. Qf5 Qg6 34. Qxg6
Rxf2+ 35. Kg1 Rg2+ 36. Kh1 hxg6 37. Rxd5 Rxb2 38. Kg1 Rc2 39. Rd6 Rxa2 40. c6
Rc2 41. d5 Kg7 42. Rd7+ Kf6 43. c7 Ke5 44. d6 a5 45. Rd8 Ke6 46. c8=Q+ Rxc8 47.
Rxc8 Kxd6 48. Kf2 a4 49. Kxf3 Kd5 50. Ke3 b4 51. Kd3 1-0

[Event "FIDE Grand Swiss Women"]
[Site "Riga LAT"]
[Date "2021.11.06"]
[Round "10.6"]
[White "Munguntuul, Batkhuyag"]
[Black "Batsiashvili, Nino"]
[Result "1/2-1/2"]
[WhiteTitle "IM"]
[BlackTitle "GM"]
[WhiteElo "2433"]
[BlackElo "2484"]
[WhiteFideId "4900758"]
[BlackFideId "13602993"]
[EventDate "2021.10.27"]

1. e4 e5 2. Nf3 Nc6 3. Bb5 a6 4. Ba4 Nf6 5. d3 Bc5 6. O-O d6 7. Nc3 O-O 8. Bg5
h6 9. Bh4 Nd4 10. Nxd4 Bxd4 11. Bxf6 Qxf6 12. Nd5 Qd8 13. c3 Ba7 14. Bb3 c6 15.
Ne3 Qg5 16. Qf3 Be6 17. Rae1 Rad8 18. Nf5 d5 19. Rd1 Rd7 20. Rfe1 Rfd8 21. h3
Qf4 22. Qxf4 exf4 23. Nd4 Bxd4 24. cxd4 dxe4 25. Bxe6 fxe6 26. Rxe4 Rxd4 27.
Rxe6 Rxd3 28. Rxd3 Rxd3 29. Re8+ Kh7 30. Re7 b5 31. Re6 Rd1+ 32. Kh2 Rc1 33. b4
Rc3 34. f3 Rc2 35. a3 Rc3 36. h4 h5 37. Rd6 Kg8 38. Re6 Kf7 39. Rd6 Rxa3 40.
Rxc6 Ra4 41. Rd6 Rxb4 42. Rxa6 Rb2 43. Rb6 Ke7 44. Rg6 Kf7 45. Rb6 b4 46. Rb5 g6
47. Rb6 b3 48. Kh3 Rb1 49. Kh2 Rb2 50. Kh3 Ke7 51. g3 Kd7 52. gxf4 Rb1 53. Kg3
Kc7 54. Rb4 Kc6 55. f5 gxf5 56. Kf4 Kc5 57. Rb8 Kc4 58. Kxf5 Rg1 59. Kf6 Kc3 60.
Rc8+ Kd2 61. Rb8 Kc2 62. Rc8+ Kb1 63. Rc5 b2 64. Rxh5 Rh1 65. Kg6 Rh3 66. Rb5
Rg3+ 67. Kh6 Kc2 68. h5 Rxf3 69. Rxb2+ Kxb2 70. Kg7 Rg3+ 71. Kf6 Rh3 72. Kg6
Rg3+ 73. Kf6 Rh3 74. Kg6 Kc3 75. h6 Kd4 76. h7 Ke5 77. Kg7 Rg3+ 78. Kf7 Rh3 79.
Kg7 Ke6 80. h8=Q Rxh8 81. Kxh8 1/2-1/2

[Event "FIDE Grand Swiss Women"]
[Site "Riga LAT"]
[Date "2021.11.06"]
[Round "10.8"]
[White "Osmak, Iulija"]
[Black "Kashlinskaya, Alina"]
[Result "1-0"]
[WhiteTitle "IM"]
[BlackTitle "IM"]
[WhiteElo "2423"]
[BlackElo "2493"]
[WhiteFideId "14101602"]
[BlackFideId "4198026"]
[EventDate "2021.10.27"]

1. d4 Nf6 2. c4 g6 3. Nf3 Bg7 4. g3 c5 5. Bg2 cxd4 6. Nxd4 O-O 7. Nc3 Qc7 8. b3
d5 9. Ndb5 Qd8 10. cxd5 Qa5 11. Bd2 a6 12. Nd4 Qc5 13. e3 Nbd7 14. O-O Nb6 15.
Rc1 Qd6 16. e4 Nfxd5 17. exd5 Bxd4 18. Bf4 Qf6 19. Ne4 Qh8 20. d6 exd6 21. Nxd6
Be6 22. Nxb7 Nd5 23. Bd6 Rfe8 24. Bc5 Bxc5 25. Nxc5 Rad8 26. Nxe6 fxe6 27. Qe2
Qf6 28. Qxa6 Nb4 29. Qe2 Nd3 30. Rcd1 Qc3 31. Qe3 e5 32. Be4 1-0

[Event "FIDE Grand Swiss Women"]
[Site "Riga LAT"]
[Date "2021.11.06"]
[Round "10.9"]
[White "Girya, Olga"]
[Black "Saduakassova, Dinara"]
[Result "1/2-1/2"]
[WhiteTitle "GM"]
[BlackTitle "IM"]
[WhiteElo "2410"]
[BlackElo "2491"]
[WhiteFideId "4195752"]
[BlackFideId "13700090"]
[EventDate "2021.10.27"]

1. d4 Nf6 2. c4 e6 3. Nf3 b6 4. g3 Ba6 5. b3 Bb4+ 6. Bd2 Be7 7. Nc3 d5 8. cxd5
exd5 9. Bg2 O-O 10. Rc1 Re8 11. Ne5 Bb7 12. Bf4 Nh5 13. Be3 Nf6 14. O-O Nbd7 15.
Nb5 c5 16. b4 Bf8 17. Bf4 Nxe5 18. dxe5 Nh5 19. Be3 Bc6 20. a4 Rxe5 21. bxc5
Rxe3 22. cxb6 Re6 23. Nd4 Qxb6 24. Nxc6 Rxc6 25. Qxd5 Rxc1 26. Rxc1 Nxg3 27.
hxg3 Rd8 28. a5 Rxd5 29. axb6 Rc5 30. Rxc5 Bxc5 31. bxa7 1/2-1/2